Culture Générale - Série 1179 - Statistiques

Statistiques générales
  • Ce quiz a été pris 95 fois
  • Le résultat moyen est 5 sur 10
Statistiques - réponses
Question Réponse % Correct
Quel mot swahili, signifiant "bon voyage", désigne aujourd'hui une expédition touristique permettant de côtoyer des animaux sauvages ? safari
95%
Quel nom portent les éléments osseux qui forment le squelette d'un poisson ? arêtes
78%
Sous quel pseudonyme est connu Michel Catty, icône des nuits parisiennes, qui voit la vie en bleu dans son célèbre cabaret de Montmartre ? Michou
77%
Dans l'équation d'Albert Einstein "E = mc²", que signifie le E ? Energie
64%
Dans quel sport Kiki Caron s'est-elle illustrée dans les années 1960 ? natation
63%
L'acronyme S.M.I.C. désigne le salaire minimum interprofessionnel de... Croissance
32%
À quel compositeur, prénommé Claude, doit-on la musique du film "Borsalino", en 1970 ? Claude Bolling
20%
Quel grand thon, pêché dans l'Atlantique en été, est également appelé “thon blanc” ? germon
10%
Quel personnage biblique est, après Sem et Cham, le troisième fils de Noé ? Japhet
9%
Qui a réalisé le film “La Beauté du diable”, en 1950 ? René Clair
1%
Aucun quiz correspondant
Distribution des résultats
% des personnes avec chaque résultat
Percentile par nombre de réponses
Votre historique - résultats
Vous n’avez pas pris ce quiz